000 00536cam a22002171 4500
001 sa 68011577
003 DLC
005 20260227112602.0
008 920115r1966uuuuii 000 0 tamo
010 _asa 68011577
035 _a(OCoLC)25116978
040 _aDLC
_cWaU
_dDLC
042 _apremarc
050 0 0 _aPL4759.9.A33
_bP6
100 0 _aAkilan̲,
_d1922-1988.
245 1 0 _aPon̲ malar.
260 _c[1966]
300 _a256 p.
_c18 cm.
500 _aIn Tamil.
500 _aPreviously published serially in Kalaimakaḷ.
999 _c83983
_d83983